| 000 | 00903nam a2200193Ia 4500 | ||
|---|---|---|---|
| 003 | GCL | ||
| 008 | 140319s9999 xx 000 0 ara d | ||
| 040 |
_aGCL / _cGCL |
||
| 082 | 0 | 4 |
_a245 _bم ك |
| 100 | 1 | _aابن حزم : ابومحمد على بن احمد بن سعيد بن حزم بن غالب بن صالح الظاهرى | |
| 245 | 1 | 0 |
_aكتاب الفصل فى الملل والاهواء والنحل وبهامشةكتاب الملل والنحل للشهرستانى / _cابن حزم : ابومحمد على بن احمد بن سعيد بن حزم بن غالب بن صالح الظاهرى |
| 700 | 1 | _aالشهرستانى: ابوالفتح محمد بن عبدالكريم بن احمد | |
| 260 |
_a[S.N] : _bمكتبة المثنى |
||
| 300 | _aمتعدد الترقيم | ||
| 490 | _a | ||
| 650 | 0 | 4 | _aالاسلام |
| 650 | 0 | 4 | _aالفرق الاسلامية |
| 942 |
_2ddc _cBK |
||
| 999 |
_c55512 _d55512 |
||